00800nam a2200205 a 4500003000700000005001700007008004100024040003300065041000800098050002200106110006400128245018700192260004100379300003900420336002800459337003000487338002700517500002600544501002400570CBULib20231213135411.0191209s2014 ||||||||||||||||| || u aCBULibbEnglishcCBULiberda aeng aUNCTAD(02)2014/27 aUnited Nations Conference on Trade and Development (UNCTAD)10aVirtual institute teaching materials on trade and gender volume 2: empirical analysis of the trade and gender linksc/ by United Nations Conference on Trade and Development (UNCTAD). aNew York : bUnited Nations, c2014. avii, 95 pages.: illustrations + cd 2rdacontentaText |btxt 2rdamediaaUnmediated |bn 2rdacarrieraVolumebnc aIncludes bibliography aaccompanied with cd